| 000 | 01158cam a22003497a 4500 | ||
|---|---|---|---|
| 003 | CHAP | ||
| 005 | 20220329142250.0 | ||
| 008 | 000407d1999 mx r 00110 spa d | ||
| 010 | _a80764 | ||
| 011 | _a81736 | ||
| 020 | _a9706472819 | ||
| 035 | _a92213 | ||
| 040 | _cCHAP | ||
| 090 | _aFolleto 15968 (1999) | ||
| 100 | 0 | 0 |
_aCaballero Caballero, Arquímedes. _916541 |
| 245 | 1 | 0 |
_aTablas matemáticas _c/por Arqímedes Caballero C., Jesús Bernárdez G y Lorenzo Martínez C. |
| 250 | _a48 ed. | ||
| 260 |
_aNaucalpan, Edo. de México : _bEsfinge, _c1999. |
||
| 300 |
_a64 p. : _btablas |
||
| 590 |
_aBATCH-UPD _b10 _c20130110 _lUCH01 _h0626 |
||
| 590 |
_aBATCH-UPD _b10 _c20130410 _lUCH01 _h0309 |
||
| 590 |
_aBATCH-UPD _b10 _c20130914 _lUCH01 _h0610 |
||
| 590 |
_aCONVERSION _b10 _c20130109 _lUCH01 _h1345 |
||
| 650 | 1 | 4 |
_aMatemáticas _xTablas. _972911 |
| 700 | 0 |
_aBernárdez G., Jesús. _911954 |
|
| 700 | 0 |
_aMartínez C., Lorenzo. _971878 |
|
| 901 | _aBK | ||
| 905 | _aLilia Sánchez G. | ||
| 942 | _cFOLL | ||
| 949 |
_aFolleto 15968 (1999) _bBC _cFOLL _d922131 _eTS1 _i92213 _sb |
||
| 949 |
_aFolleto 15968 (1999) _bBC _cFOLL _d922132 _eTS2 _fc.2 _i92213 _si |
||
| 999 |
_c80764 _d80764 |
||